000 00770nam a2200229Ii 4500
003 JO-AjNU
008 230605s9999||||xx |||||||||||||| ||und||
017 _a2018/4/2029
020 _a978-9957-686-39-0
040 _aJO-AjNU
_bara
_erda
_cJO-AjNU
041 _aara
050 1 4 _aPN879 2019
100 3 _aزاغر، نزيهة,
_eauthor
_958593
245 0 0 _aتجليات الأدب المقارن: تأثير ألف ليلة وليلة في الأدب الفرنسي
250 _aط1
264 3 1 _aإربد: عالم الكتب الحديث للنشر والتوزيع، 2019
300 _a172ص
336 _atext
_btxt
_2rdacontent
337 _aunmediated
_bn
_2rdamedia
338 _avolume
_bnc
_2rdacarrier
650 4 _aالأدب المقارن
_958594
999 _aA26320
_c29888
_d29888